00817nam a22002177a 4500003000900000005001700009007000300026008004100029020001800070040002500088041000800113082002900121100003300150245012100183250001200304260003800316300004800354650005500402651008000457651006200537DO-SdBNP20210614113626.0ta210415b2020 dr abco| |||| 001 0dspa d a9789945617986 aDO-SdBNPbspacBNPHU hspa 4a972.9377bP324h 20202221 aPaula, Félix J. de,d1983-13aHistoria de la comunidad de los Botados del municipio de Yamasá :bun pueblo en desarrollo /cFélix J. de Paula. a2a. ed. aSanto Domingo :bSantuario,c2020 a107 p. :bil.,fots., mapas, retrs.,c23 cm. 4aCiudades y puebloszRepublica Dominicana, Yamasá 4aLos Botados, Yamasá (Monte Plata, Republica Dominicana)xHistoria local 4aYamasá (Republica Dominicana)xVida social y costumbres